00821npc a2200217Ia 4500001001300000003001000013008004100023040002500064041000700089100002700096245010500123250001100228260003900239300001100278500010200289650001100391942000700402957000600409999003300415952015500448dg106-46182 IT-MiCISF161014s9999||||xx | und|| aIT-MiCISFcIT-MiCISF ait aCoci Laura (a cura di) 0aLa via lodigiana per la scuola interculturale e l'integrazione delle alunne e degli alunni stranieri a1a ed. a LodibLodi per Mostar Onlusc2008 app. 64 aCentro Risorse Intercultura Tangram / scuola, bambini-immigrati, problemi-educazione, progetto /  ascuola cDD 71 a46182bsig1c207961d207961 0010406DG_1064618271aCISFbCISFd2016-10-14l0odg106-46182 r2016-10-14 00:00:00w2016-10-14yDDzData import 15.10.2016 / by Epidotti, Vaglietti